000 00436 a2200145 4500
001 153445
040 _cEscola São Tomás de Aquino
100 _aSANTOS, Joel Rufino dos
240 1 0 _aO barbeiro e o judeu da prestação contra o sargento da motocicleta
_lpor
245 1 0 _aO barbeiro e o judeu da prestação contra o sargento da motocicleta
362 0 _a2007
440 1 _aModerna
697 _a*LITERATURA JUVENIL
942 _cBK
999 _c153445
_d153445